Lectures on homoeopathic materia medica : together with Kent's "New remedies" incorporated and arranged in one alphabetical order

Αποθηκεύτηκε σε:
Λεπτομέρειες βιβλιογραφικής εγγραφής
Κύριος συγγραφέας: Kent, J. T. (James Tyler), 1849-1916
Άλλοι συγγραφείς: Kishore, J. (Jugal), 1967- (Συγγραφέας εισαγωγής κ.λπ.)
Μορφή: Βιβλίο
Γλώσσα:English
Δημοσίευση: New Delhi : B.Jain Publishers, 2006.
Θέματα:
Ετικέτες: Προσθήκη ετικέτας
Δεν υπάρχουν, Καταχωρήστε ετικέτα πρώτοι!

MARC

LEADER 00000cam a2200000 i 4500
001 1/69604
008 080109s2006 ii | ||| |||| ||eng||
020 |a 817021002X 
035 |l 10093458 
040 |a GR-MyUa  |b gre  |e AACR2 
041 0 |a eng 
082 7 |a 615.532   |2 (22) 
100 1 |a Kent, J. T.   |q (James Tyler),   |d 1849-1916. 
245 1 0 |a Lectures on homoeopathic materia medica :   |b together with Kent's "New remedies" incorporated and arranged in one alphabetical order /   |c James Tayler Kent ; introduction by Dr. Jugal Kishore. 
260 |a New Delhi :   |b B.Jain Publishers,   |c 2006. 
300 |a 1030 σ. ;   |c 22 εκ. 
500 |a Περιλαμβάνει ευρετήριο. 
650 0 |a Homeopathy  |x Materia medica and therapeutics. 
650 0 |a Homeopathy  |x Philosophy. 
700 1 |a Kishore, J.   |q (Jugal),   |d 1967-  |e aui 
852 |a INST  |b SYROS  |e 20080109  |h 615.532 KEN  |p 005500006773  |q 005500006773  |t BK  |y 12 
852 |a INST  |b SYROS  |e 20080109  |h 615.532 KEN  |p 005500006774  |q 005500006774  |t BK  |y 0 
901 |a BIBL5-2008-1 
970 |a Κοντού  |b Παρασκευή  |z 09/01/2008